000 00495nam a2200169Ia 4500
008 240729s9999 xx 000 0 und d
022 _a1616-8666
245 0 _aFuzzy Information and Engineering
260 _aChina
260 _bTsinghua University Press
650 _a Engineering (General). Civil engineering (General) | Science
650 _a Mathematics
650 _aTechnology
856 _uhttps://doaj.org/toc/49b0d51cf7b94f4099d2969495474858
942 _2ddc
942 _cDOAJEJ
999 _c69182
_d69182
945 _a1
_bMadushi Gamage
_c1
_dMadushi Gamage